| 000 | 00692nam a2200253Ia 4500 | ||
|---|---|---|---|
| 005 | 20251020182458.0 | ||
| 008 | 200515s9999 xx 000 0 und d | ||
| 020 | _a84-8390-965-0 | ||
| 082 | _a624.182/S21/ej.2 | ||
| 100 | _aSan Bartolomé, Ángel | ||
| 245 | 0 | _aConstrucciones de Albañilería : Comportamiento Sísmico y diseño Estructural | |
| 250 | _a2a ed. | ||
| 260 | _aLima | ||
| 260 | _bPontificia Universidad Católica del Perú | ||
| 260 | _c1998 | ||
| 300 | _a228 p. | ||
| 300 | _bil., col., tbl., graf. | ||
| 500 | _a1 ejemplar | ||
| 650 | _aALBAÑILERIA | ||
| 650 | _aALBAÑILERIA ARMADA | ||
| 650 | _aALBAÑILERIA CONFINADA | ||
| 942 | _cLIB | ||
| 999 |
_c1080 _d1080 |
||